Deployment Guide Series : IBM Tivoli Usage and Accounting Manager V7.1 /

This book is part of the Deployment Guide series. It provides a step-by-step guide for deploying Tivoli Usage and Accounting Manager V7.1. It is intended to help an IBM or business partner service person to plan and perform the deployment of the product. The discussion of Tivoli Usage and Accounting...

Full description

Bibliographic Details
Main Authors: Darmawan, Budi (Author), Siglen, Jšrn (Author), Lundgren, Lennart (Author), Catterall, Roy (Author)
Corporate Author: Safari, an O'Reilly Media Company
Format: eBook
Language:English
Published: IBM Redbooks, 2008.
Subjects:
Online Access:Connect to this electronic resource

MARC

Tag First Indicator Second Indicator Subfields
LEADER 00000cam a2200000 a 4500
001 in00004100246
005 20260123205759.9
006 m o d
007 cr cn
008 160813s2008 xx o eng
020 |z 0738485659 
020 |z 9780738485652 
035 |a (CaSebORM)0738485659 
040 |d UtOrBLW 
041 0 |a eng 
100 1 |a Darmawan, Budi,  |e author.  |0 http://id.loc.gov/authorities/names/n2002010008 
245 1 0 |a Deployment Guide Series :  |b IBM Tivoli Usage and Accounting Manager V7.1 /  |c Darmawan, Budi. 
264 1 |b IBM Redbooks,  |c 2008. 
300 |a 1 online resource (172 pages) 
336 |a text  |b txt  |2 rdacontent 
337 |a computer  |b c  |2 rdamedia 
338 |a online resource  |b cr  |2 rdacarrier 
347 |a text file 
520 |a This book is part of the Deployment Guide series. It provides a step-by-step guide for deploying Tivoli Usage and Accounting Manager V7.1. It is intended to help an IBM or business partner service person to plan and perform the deployment of the product. The discussion of Tivoli Usage and Accounting Manager includes an explanation of its architecture and components. Some planning and sizing consideration before you implement the product is given, and some guidelines on setting up service engagement for the product are also included. The deployment discussed in the book would be appropriate for a demonstration or a small deployment system, although the information is highly relevant for larger deployments also. This book also offers some usage scenarios that can be used for demonstrating the product. Please note that the additional material referenced in the text is not available from IBM. 
533 |a Electronic reproduction.  |b Boston, MA :  |c Safari,  |n Available via World Wide Web.  |d 2008. 
538 |a Mode of access: World Wide Web. 
542 |g 2008 
588 |a Online resource; Title from title page (viewed February 12, 2008) 
500 |a Electronic resource. 
655 7 |a Electronic books.  |2 local 
700 1 |a Siglen, Jšrn,  |e author. 
700 1 |a Lundgren, Lennart,  |e author. 
700 1 |a Catterall, Roy,  |e author. 
710 2 |a Safari, an O'Reilly Media Company. 
856 4 0 |u https://proxy.library.tamu.edu/login?url=https://go.oreilly.com/TAMU/library/view/-/0738485659/?ar  |z Connect to this electronic resource  |t 0 
999 f f |s 8e3c64d2-0c39-3495-88d7-55e3f9b6485e  |i 58fd7160-50f7-361f-bb64-7fbf3c0dec4c  |t 0 
952 f f |a Texas A&M University  |b College Station  |c Electronic Resources  |s www_evans  |d Available Online  |t 0  |h No information provided 
998 f f |t 0  |l Available Online